[Event "Charlotte op"]
[Site "Charlotte"]
[Date "2023.01.16"]
[Round "5"]
[White "Mc Entee, Tim R"]
[Black "Belenkaya, Dina"]
[Result "0-1"]
[WhiteElo "1990"]
[BlackElo "2330"]
[PlyCount "46"]
[EventDate "2023.01.14"]
[EventType "swiss"]
[EventRounds "6"]
[EventCountry "USA"]
[SourceTitle "CBM 212 Extra"]
[Source "ChessBase"]
[SourceDate "2023.03.31"]
[SourceVersion "1"]
[SourceVersionDate "2023.03.31"]
[SourceQuality "1"]

1. d4 Nf6 2. c4 e6 3. Nc3 Bb4 4. f3 d5 5. a3 Bxc3+ 6. bxc3 0-0 7. e3 c5 8. Bd3 Qc7 9. cxd5 cxd4 10. Ne2 dxc3 11. d6 Qc5 12. Qc2 Rd8 13. Qxc3 Qxd6 14. Bc2 Bd7 15. Bb2 Na6 16. Rd1 Qc6 17. Qd3 Be8 18. Qxd8 Rxd8 19. Rxd8 Qxc2 20. Bxf6 gxf6 21. Rxe8+ Kg7 22. Kf2 Nc5 23. e4 Qd2 0-1

[Event "USA-chT Amateur East"]
[Site "Parsippany"]
[Date "2013.02.17"]
[Round "4"]
[White "Mc Entee, Tim R"]
[Black "Grasso, David"]
[Result "0-1"]
[WhiteElo "2131"]
[BlackElo "2177"]
[PlyCount "129"]
[EventDate "2013.02.16"]
[EventType "team-swiss"]
[EventRounds "6"]
[EventCountry "USA"]
[SourceTitle "CBM 153 Extra"]
[Source "ChessBase"]
[SourceDate "2013.04.22"]
[SourceVersion "1"]
[SourceVersionDate "2013.04.22"]
[SourceQuality "1"]
[WhiteTeam "Whoop Gata Kamsky Style"]
[BlackTeam "Tuesday Night Chess Club"]
[WhiteTeamCountry "USA"]
[BlackTeamCountry "USA"]

1. d4 d5 2. c4 e6 3. Nc3 Nf6 4. Bg5 Be7 5. e3 h6 6. Bh4 0-0 7. Qc2 b6 8. Nf3 Bb7 9. cxd5 Nxd5 10. Bxe7 Qxe7 11. Be2 Rc8 12. 0-0 c5 13. Nxd5 Bxd5 14. Rac1 Nc6 15. dxc5 Nb4 16. Qa4 Nxa2 17. Ra1 Rxc5 18. e4 Ra5 19. Qd4 Bb7 20. Rfd1 e5 21. Qe3 Rc8 22. Nd2 Qb4 23. Qh3 Qxb2 24. Bg4 Nc3 25. Rab1 Nxb1 26. Bxc8 Qc2 27. Qb3 Qxc8 28. Nc4 Nd2 29. Nxd2 Rc5 30. h3 Rc1 31. Kh2 Rxd1 32. Qxd1 Qc5 33. Qe2 b5 34. Nf3 Qc4 35. Qb2 Qxe4 36. Qxb5 Qf4+ 37. Kg1 Bxf3 38. gxf3 Qc1+ 39. Kg2 Qg5+ 40. Kf1 Qc1+ 41. Kg2 Qc7 42. h4 h5 43. f4 exf4 44. Qxh5 Qc6+ 45. Kh2 f3 46. Qf5 Qd6+ 47. Kh1 Qf6 48. Qe4 g6 49. Kh2 Kg7 50. Kg3 a5 51. Qa4 Qf5 52. Qd4+ Kh7 53. Qa1 Qd5 54. Qa4 Kg8 55. Qe8+ Kg7 56. Qa4 Kh7 57. Qe8 Qb3 58. h5 a4 59. hxg6+ Kxg6 60. Kf4 Qc4+ 61. Kxf3 Qd5+ 62. Kf4 Qd6+ 63. Kf3 a3 64. Qe4+ f5 65. Qa8 0-1

[Event "USA-chT Amateur East"]
[Site "Parsippany"]
[Date "2013.02.16"]
[Round "2"]
[White "Itkis, Hana"]
[Black "Mc Entee, Tim R"]
[Result "1-0"]
[WhiteElo "2022"]
[BlackElo "2131"]
[PlyCount "59"]
[EventDate "2013.02.16"]
[EventType "team-swiss"]
[EventRounds "6"]
[EventCountry "USA"]
[SourceTitle "CBM 153 Extra"]
[Source "ChessBase"]
[SourceDate "2013.04.22"]
[SourceVersion "1"]
[SourceVersionDate "2013.04.22"]
[SourceQuality "1"]
[WhiteTeam "Rg3! Offensive Rook"]
[BlackTeam "Whoop Gata Kamsky Style"]
[WhiteTeamCountry "USA"]
[BlackTeamCountry "USA"]

1. d4 Nf6 2. c4 e6 3. Nc3 Bb4 4. f3 0-0 5. e4 d6 6. Be3 Nc6 7. a3 Bxc3+ 8. bxc3 e5 9. Bd3 Na5 10. Ne2 Nd7 11. Qa4 b6 12. 0-0 c5 13. d5 Nf6 14. Ng3 Ne8 15. Qd1 Ba6 16. Qe2 Qd7 17. a4 Kh8 18. f4 f6 19. Rf3 Rf7 20. Nf1 g6 21. f5 gxf5 22. Rxf5 Ng7 23. Rf2 f5 24. exf5 Nxf5 25. Bg5 Raf8 26. Qg4 Qc8 27. Nd2 Ng7 28. Qe4 Ne8 29. Bh6 Kg8 30. Qxh7+ 1-0

[Event "Las Vegas National op"]
[Site "Las Vegas"]
[Date "2012.06.17"]
[Round "5"]
[White "Belakovskaia, Anjelina"]
[Black "Mc Entee, Tim R"]
[Result "1-0"]
[WhiteElo "2267"]
[BlackElo "2166"]
[PlyCount "39"]
[EventDate "2012.06.15"]
[EventType "swiss"]
[EventRounds "9"]
[EventCountry "USA"]
[SourceTitle "CBM 148 Extra"]
[Source "ChessBase"]
[SourceDate "2012.06.22"]
[SourceVersion "1"]
[SourceVersionDate "2012.06.22"]
[SourceQuality "1"]

1. c4 c6 2. d4 d5 3. Nf3 Nf6 4. Qc2 e6 5. Bg5 Nbd7 6. Nbd2 Be7 7. e3 h6 8. Bf4 0-0 9. g4 Ne8 10. h4 f5 11. gxf5 Rxf5 12. Bh3 Rf6 13. 0-0-0 Nf8 14. Ne5 Bd6 15. Ndf3 Bd7 16. c5 Bc7 17. Rdg1 b6 18. Nh2 bxc5 19. dxc5 Qb8 20. Nhg4 1-0

[Event "North American op 31st"]
[Site "Stillwater"]
[Date "2012.05.28"]
[Round "7"]
[White "Crockett, James M"]
[Black "Mc Entee, Tim R"]
[Result "1/2-1/2"]
[WhiteElo "2035"]
[BlackElo "2166"]
[PlyCount "41"]
[EventDate "2012.05.26"]
[EventType "swiss"]
[EventRounds "8"]
[EventCountry "USA"]
[SourceTitle "CBM 148 Extra"]
[Source "ChessBase"]
[SourceDate "2012.06.22"]
[SourceVersion "1"]
[SourceVersionDate "2012.06.22"]
[SourceQuality "1"]

1. Nf3 d5 2. c4 c6 3. e3 e6 4. Nc3 Nf6 5. b3 Nbd7 6. Qc2 Bd6 7. Bb2 0-0 8. Be2 Re8 9. Rg1 Nf8 10. g4 dxc4 11. bxc4 Qa5 12. g5 N6d7 13. Ne4 Ba3 14. Bc3 Qf5 15. Nh4 Qh3 16. Nf3 e5 17. Rg3 Qe6 18. h4 Kh8 19. Qb3 Qe7 20. Rb1 Bc5 21. a4 1/2-1/2

[Event "North American op"]
[Site "Oklahoma"]
[Date "2008.05.25"]
[Round "6"]
[White "Mc Entee, Tim R"]
[Black "Glascock, Dennis G"]
[Result "0-1"]
[WhiteElo "2147"]
[BlackElo "1932"]
[PlyCount "150"]
[EventDate "2008.05.23"]
[EventType "swiss"]
[EventRounds "8"]
[EventCountry "USA"]
[SourceTitle "CBM 124 Extra"]
[Source "ChessBase"]
[SourceDate "2008.07.03"]
[SourceVersion "1"]
[SourceVersionDate "2008.07.03"]
[SourceQuality "1"]

1. d4 d5 2. c4 e6 3. Nc3 Nf6 4. Bg5 Be7 5. e3 b6 6. Nf3 Bb7 7. cxd5 Nxd5 8. Bxe7 Qxe7 9. Bd3 Nd7 10. 0-0 0-0 11. Rc1 Rfc8 12. Bb1 c5 13. Qd3 g6 14. Qd2 Nxc3 15. bxc3 Bxf3 16. gxf3 Qg5+ 17. Kh1 Nf6 18. Qe2 Rc7 19. Bd3 cxd4 20. cxd4 Rac8 21. Rxc7 Rxc7 22. Qb2 Nd5 23. Qb5 Qe7 24. Qb3 Rc3 25. Qb1 Qa3 26. Bb5 Nb4 27. Qe4 Qxa2 28. Qb7 Qd5 29. Qb8+ Kg7 30. Be2 Nc6 31. Qb7 Rc2 32. Bd1 Rc1 33. Kg1 Qg5+ 34. Kh1 Qa5 35. Kg1 Nb4 36. Be2 Rc3 37. Rb1 Nd5 38. Rf1 Rc7 39. Qb8 Qc3 40. Ba6 Qc6 41. Re1 Nc3 42. Be2 b5 43. Bd3 a5 44. Ra1 a4 45. Bxb5 Nxb5 46. Rxa4 Qxf3 47. Ra1 Rc2 48. Qe5+ Kh6 49. Qg3 Qxg3+ 50. hxg3 Nd6 51. Kg2 g5 52. Kf3 Kg6 53. g4 h5 54. gxh5+ Kxh5 55. Ra5 Kg6 56. Ra8 Rb2 57. Rg8+ Kf5 58. Ra8 g4+ 59. Kg2 Ne4 60. Ra5+ Kf6 61. Re5 Nxf2 62. Kg3 Re2 63. Kh4 Nd1 64. Kxg4 Rxe3 65. Ra5 Re4+ 66. Kf3 Rxd4 67. Rc5 e5 68. Rc2 Kf5 69. Ke2 Ke4 70. Rc8 f5 71. Rh8 f4 72. Rh4 Ne3 73. Rh3 Ra4 74. Rh4 Ra2+ 75. Ke1 Ng2+ 0-1

[Event "Tulsa Okie-A"]
[Site "Tulsa"]
[Date "2007.05.28"]
[Round "6"]
[White "Mc Entee, Tim R"]
[Black "Orton, William R"]
[Result "1/2-1/2"]
[WhiteElo "2174"]
[BlackElo "2136"]
[PlyCount "110"]
[EventDate "2007.05.26"]
[EventType "tourn"]
[EventRounds "7"]
[EventCountry "USA"]
[SourceTitle "CBM 118 Extra"]
[Source "ChessBase"]
[SourceDate "2007.07.04"]
[SourceVersion "1"]
[SourceVersionDate "2007.07.04"]
[SourceQuality "1"]

1. d4 d5 2. c4 dxc4 3. e4 e5 4. Nf3 Nf6 5. Bxc4 Nxe4 6. 0-0 Nd6 7. Bb3 e4 8. Ne5 Be7 9. Nc3 0-0 10. Be3 Nd7 11. Rc1 c6 12. Qc2 Nf6 13. d5 cxd5 14. Nxd5 Nxd5 15. Bxd5 Qa5 16. Rfd1 Be6 17. b4 Qxb4 18. Bxe6 fxe6 19. Bc5 Qa5 20. Rxd6 Rfc8 21. Nc6 bxc6 22. Rxe6 Bxc5 23. Qc4 Kf8 24. Qxc5+ Qxc5 25. Rxc5 Rab8 26. Kf1 Rb1+ 27. Ke2 Rb2+ 28. Ke3 Rxa2 29. Rf5+ Kg8 30. Rxe4 Rf8 31. Rxf8+ Kxf8 32. Rc4 Ra6 33. Kd4 Ke7 34. Kc5 Kd7 35. Rf4 Ra5+ 36. Kb4 Re5 37. Rf8 Kd6 38. Rd8+ Ke7 39. Rd2 Rd5 40. Ra2 Rb5+ 41. Kc4 a5 42. Rd2 a4 43. Ra2 Ra5 44. Kb4 Ra7 45. Ra3 Kd6 46. Kc4 Ra5 47. f4 Rf5 48. g3 Rh5 49. g4 Rc5+ 50. Kd4 Rd5+ 51. Kc4 Rd2 52. Rxa4 Rxh2 53. Ra7 g6 54. g5 Rh4 55. Rf7 Rh1 1/2-1/2

[Event "Tulsa Okie-A"]
[Site "Tulsa"]
[Date "2007.05.26"]
[Round "1"]
[White "Gossell, Thomas"]
[Black "Mc Entee, Tim R"]
[Result "1-0"]
[WhiteElo "2238"]
[BlackElo "2174"]
[PlyCount "67"]
[EventDate "2007.05.26"]
[EventType "tourn"]
[EventRounds "7"]
[EventCountry "USA"]
[SourceTitle "CBM 118 Extra"]
[Source "ChessBase"]
[SourceDate "2007.07.04"]
[SourceVersion "1"]
[SourceVersionDate "2007.07.04"]
[SourceQuality "1"]

1. Nf3 Nf6 2. c4 g6 3. Nc3 d5 4. cxd5 Nxd5 5. Qa4+ c6 6. Nxd5 Qxd5 7. e4 Qd8 8. d4 Bg7 9. Be3 0-0 10. Be2 Nd7 11. 0-0 Nf6 12. Qc2 Ng4 13. Bf4 Qa5 14. e5 f6 15. h3 Nh6 16. exf6 exf6 17. Bc4+ Kh8 18. Rfe1 Bf5 19. Qe2 Qd8 20. Qe7 b5 21. Bb3 Re8 22. Qc5 Qd7 23. Rad1 Be4 24. Bxh6 Bxh6 25. Ne5 Qf5 26. Nf7+ Kg7 27. Nd6 Qf4 28. Nxe8+ Rxe8 29. Qxa7+ Kh8 30. Qf7 Rf8 31. Qe7 Bf5 32. d5 cxd5 33. Rxd5 Rc8 34. Rd8+ 1-0

[Event "Tulsa Okie Masters"]
[Site "Tulsa"]
[Date "2006.09.04"]
[Round "6"]
[White "Mc Entee, Tim R"]
[Black "Luther, Ronald G"]
[Result "1-0"]
[WhiteElo "2177"]
[BlackElo "2150"]
[PlyCount "63"]
[EventDate "2006.09.02"]
[EventType "tourn"]
[EventRounds "7"]
[EventCountry "USA"]
[SourceTitle "CBM 114 Extra"]
[Source "ChessBase"]
[SourceDate "2006.11.03"]
[SourceVersion "1"]
[SourceVersionDate "2006.11.03"]
[SourceQuality "1"]

1. d4 Nf6 2. c4 c5 3. d5 e6 4. Nc3 exd5 5. cxd5 g6 6. e4 d6 7. f4 Bg7 8. Bb5+ Nfd7 9. a4 Qh4+ 10. g3 Qd8 11. Nf3 0-0 12. Kf2 Nf6 13. h3 Na6 14. Kg2 Nb4 15. Re1 a6 16. Bf1 Re8 17. Nd2 b6 18. Nc4 Ra7 19. Kh2 Rae7 20. Bg2 Bb7 21. e5 dxe5 22. d6 Rd7 23. fxe5 Bxg2 24. exf6 Rxe1 25. Qxe1 Nc2 26. Qf2 Nxa1 27. fxg7 Ba8 28. Ne5 Kxg7 29. Nxd7 Qxd7 30. Qf4 Qc6 31. Qe5+ f6 32. Qe7+ 1-0